000 00595nam a2200229Ia 4500
003 OSt
005 20221007081516.0
006 a|||||r|||| 00| 0
007 ta
008 221006b |||||||| |||| 00| 0 eng d
024 _a16,887
037 _cTextual
040 _aFLL
_cFLL
_beng
041 _2eng
_aeng
082 _aY1:Zz7, K2
100 _aEvan William M.
_9125910
245 0 _aLaw and sociology
260 _aNew York
_bThe Free Press of Glencoe USA
_c1962
300 _a235p
_ccm.
942 _hY1:Zz7, K2
_cTEXL
_2CC
999 _c1163276
_d1163276